000 00377nam a2200145Ia 4500
008 231129s1975||||xx |||||||||||||| ||spa||
020 _a84-226-0581-3
040 _bspa
082 _a833 S773h
100 _aSpyri Johana
245 0 _aHeidi
260 _c1975
264 _aBarcelona (EspaƱa) : Circulo de Lectores
942 _2ddc
_cBKS
999 _c14953
_d14953